| 000 | 004240000a22001690004500 | ||
|---|---|---|---|
| 003 | MACL | ||
| 005 | 20151027152936.0 | ||
| 008 | 150604b xxu||||| |||| 00| 0 eng d | ||
| 040 |
_aMACL _cMACL |
||
| 082 | _a910/PAN | ||
| 100 |
_apandya , kaushik _9136 |
||
| 245 |
_aGlorious gujarat _bA journey to the |
||
| 260 |
_aGujarat _bAkshara Prakashan _c2007 |
||
| 350 | _a350 | ||
| 650 |
_aTravel _9137 |
||
| 942 |
_cBK _k910/PAN _2ddc |
||
| 999 |
_c44319 _d44319 |
||